[Event "European Blitz 2021"]
[Site "Katowice POL"]
[Date "2021.12.17"]
[Round "20.24"]
[White "Kowalczyk, Rafal"]
[Black "Kjartansson, Gudmundur"]
[Result "1-0"]
[BlackTitle "GM"]
[WhiteElo "2235"]
[BlackElo "2460"]
[WhiteFideId "1133853"]
[BlackFideId "2301318"]
[EventDate "2021.12.17"]

1. e4 c6 2. d4 d5 3. Nc3 dxe4 4. Nxe4 Bf5 5. Ng3 Bg6 6. Nh3 e6 7. Nf4 Bd6 8.
Ngh5 Kf8 9. Qf3 Nf6 10. Nxg6+ hxg6 11. Nxf6 Qxf6 12. Qb3 b6 13. Be3 Bf4 14.
O-O-O Bxe3+ 15. fxe3 Nd7 16. Bc4 b5 17. Bd3 Nb6 18. Rdf1 Qe7 19. Bxg6 f6 20. Be4
Nd5 21. Bf3 a5 22. a4 bxa4 23. Qxa4 Qb7 24. e4 Nb4 25. e5 Kf7 26. Be4 f5 27. g4
g6 28. h4 Ke7 29. Bf3 Qb6 30. Rd1 Rab8 31. h5 fxg4 32. Bxg4 gxh5 33. Bh3 Rbf8
34. Rd2 Rf4 35. c3 Nd5 36. Qc2 c5 37. Qg6 Rhf8 38. dxc5 Qc6 39. Rhd1 Qe8 40.
Qg5+ Kf7 41. Rxd5 exd5 42. Qxf4+ Kg7 43. Rg1+ 1-0

[Event "European Blitz 2021"]
[Site "Katowice POL"]
[Date "2021.12.17"]
[Round "20.25"]
[White "Snihur, Piotr"]
[Black "Spalir, Jernej"]
[Result "0-1"]
[BlackTitle "IM"]
[WhiteElo "2279"]
[BlackElo "2373"]
[WhiteFideId "1157191"]
[BlackFideId "14606518"]
[EventDate "2021.12.17"]

1. d4 Nf6 2. c4 e6 3. Nf3 d5 4. g3 dxc4 5. Qa4+ Nbd7 6. Qxc4 c5 7. dxc5 Bxc5 8.
Bg2 O-O 9. O-O a6 10. a4 Qe7 11. Nc3 Nb6 12. Qb3 h6 13. Bd2 e5 14. a5 Be6 15.
Qc2 Nc4 16. Bc1 Rac8 17. Nd2 Nd6 18. Qa4 Rfd8 19. e3 Ba7 20. Qa3 Qd7 21. Rd1 Nc4
22. Qa4 Qe7 23. Nxc4 Rxc4 24. Rxd8+ Qxd8 25. Qc2 Rc7 26. Bd2 Rd7 27. Be1 Bc4 28.
Rd1 Rxd1 29. Qxd1 Qxa5 30. Bxb7 Qb6 31. Bg2 Qxb2 32. Ne4 Nxe4 33. Qd8+ Kh7 34.
Bxe4+ g6 35. Qf6 Qa1 36. Bxg6+ fxg6 37. Qe7+ Kg8 38. Qd8+ Kg7 39. Qc7+ Bf7 0-1

[Event "European Blitz 2021"]
[Site "Katowice POL"]
[Date "2021.12.17"]
[Round "20.26"]
[White "Sanz Wawer, Daniel"]
[Black "Lubczynski, Rafal"]
[Result "0-1"]
[WhiteTitle "FM"]
[BlackTitle "IM"]
[WhiteElo "2371"]
[BlackElo "2413"]
[WhiteFideId "1185543"]
[BlackFideId "1126091"]
[EventDate "2021.12.17"]

1. e4 d6 2. d4 Nf6 3. Nc3 e5 4. Nf3 Nbd7 5. Bc4 Be7 6. O-O O-O 7. a4 a5 8. h3 c6
9. Bb3 h6 10. Be3 Nh7 11. Re1 Ng5 12. Nxg5 hxg5 13. Qd2 g6 14. Rad1 Kg7 15. dxe5
dxe5 16. Qe2 Rh8 17. Qc4 Qf8 18. f3 Nc5 19. Ne2 Be6 20. Qc3 Nxb3 21. cxb3 f6 22.
Qc2 Bb4 23. Nc3 Qf7 24. Rd3 Bxb3 25. Qd2 Be6 26. Bb6 Rhe8 27. Rd1 Re7 28. Qe3
Bc4 29. R3d2 Bb3 30. Rc1 Rd7 31. Rxd7 Qxd7 32. Rf1 Qd6 33. Ne2 Bc4 34. Rc1 Qd3
35. Qxd3 Bxd3 36. Nc3 Bc4 37. Rd1 Be6 38. Be3 Kf7 39. Rd3 Ke7 40. g3 Bc4 41. Rd1
Rd8 42. Rxd8 Kxd8 43. f4 gxf4 44. gxf4 Bb3 45. fxe5 fxe5 46. Kf2 Kd7 47. Bd2 0-1

[Event "European Blitz 2021"]
[Site "Katowice POL"]
[Date "2021.12.17"]
[Round "20.27"]
[White "Sliwicka, Alicja"]
[Black "Ortega Ruiz, Jose Miguel"]
[Result "0-1"]
[WhiteTitle "WIM"]
[BlackTitle "FM"]
[WhiteElo "2289"]
[BlackElo "2314"]
[WhiteFideId "1150677"]
[BlackFideId "2209713"]
[EventDate "2021.12.17"]

1. e4 d5 2. exd5 Qxd5 3. d4 Nf6 4. Nf3 Bg4 5. Be2 e6 6. c4 Qd8 7. Nc3 c6 8. Be3
Nbd7 9. O-O Bd6 10. h3 Bh5 11. d5 cxd5 12. cxd5 e5 13. Nb5 Qe7 14. Nh4 Bg6 15.
Nxg6 hxg6 16. Bg5 a6 17. Nc3 O-O 18. Ne4 Nc5 19. Nxd6 Qxd6 20. Bxf6 gxf6 21. Qd2
Rfd8 22. Rfd1 Kg7 23. b4 Ne4 24. Qb2 Rac8 25. Bf3 Nc3 26. Rd3 Nb5 27. Rad1 Nd4
28. Rxd4 exd4 29. Qxd4 Rc2 30. a4 b5 31. axb5 axb5 32. h4 Rc4 33. Qd3 Rxh4 34.
Qxb5 Rxb4 35. Qd3 Rb2 36. Rd2 Rb4 37. g3 Rdb8 38. Kg2 R8b6 39. Rd1 Rb2 40. Rd2
Rxd2 41. Qxd2 Qe5 42. Qe2 Rd6 43. Qc4 f5 44. Qc5 g5 45. Kg1 g4 46. Bg2 Qe1+ 47.
Bf1 Qe5 48. Bg2 Rh6 49. Qc1 Ra6 50. Qg5+ Rg6 51. Qc1 Qd4 52. Qc7 Ra6 53. Qe7
Ra1+ 54. Bf1 Qxd5 0-1

[Event "European Blitz 2021"]
[Site "Katowice POL"]
[Date "2021.12.17"]
[Round "20.28"]
[White "Karolczuk, Iwo"]
[Black "Kalogeris, Ioannis"]
[Result "1/2-1/2"]
[WhiteTitle "FM"]
[BlackTitle "FM"]
[WhiteElo "2357"]
[BlackElo "2368"]
[WhiteFideId "21816972"]
[BlackFideId "4239563"]
[EventDate "2021.12.17"]

1. d4 Nf6 2. Nf3 c6 3. c4 d5 4. e3 Bf5 5. Bd3 Bxd3 6. Qxd3 e6 7. O-O Nbd7 8. Nc3
Qc7 9. e4 dxe4 10. Nxe4 Nxe4 11. Qxe4 Nf6 12. Qe2 Be7 13. b3 O-O 14. Bb2 Nd7 15.
d5 Bf6 16. Bxf6 Nxf6 17. dxe6 Rfe8 18. exf7+ Qxf7 19. Qc2 Qh5 20. Rfe1 Rad8 21.
Rad1 Qg4 22. h3 Qf4 23. Rxd8 Rxd8 24. Rd1 Re8 25. Qd2 Qf5 26. Qd3 Qf4 27. Qd4
Qxd4 28. Rxd4 a5 29. Kf1 a4 30. b4 a3 31. Rd3 Ra8 32. Nd2 Ra4 33. Rb3 b5 34.
cxb5 cxb5 35. Nb1 Ne4 36. f3 Ng3+ 37. Kf2 Nf5 38. Rxa3 Rxb4 39. Rb3 Rc4 40. Na3
Ra4 41. Rxb5 Nd4 42. Rb8+ Kf7 43. Nb5 Rxa2+ 44. Kg1 Ne2+ 45. Kh2 Nf4 46. Nd6+
Ke6 47. Ne4 Rxg2+ 48. Kh1 Ra2 49. Rb7 Nh5 50. Rb5 g6 51. Ng5+ Kd6 52. Nxh7 Ng3+
53. Kg1 Ne2+ 54. Kh1 Ng3+ 55. Kg1 Ne2+ 56. Kh1 Nd4 57. Rb6+ Kc5 58. Rf6 Kd5 59.
Ng5 Ke5 60. Rf8 Ne2 61. Kg2 Nf4+ 62. Kf1 Nh5 63. h4 Kd4 64. Re8 Ng3+ 65. Kg1
Ne2+ 66. Kf1 Ng3+ 67. Kg1 Nf5 68. Re4+ Kd3 69. Ne6 Ng3 70. Rg4 Ne2+ 71. Kf1 Ke3
72. Re4+ Kxf3 73. Ng5+ Kg3 74. Rxe2 Rxe2 75. Kxe2 Kxh4 76. Nf3+ Kg4 77. Ne1 Kf4
78. Ng2+ Kg4 79. Ne3+ Kg5 80. Nd5 Kf5 81. Nc3 Ke5 82. Kf2 Kd6 83. Kg3 g5 84. Kg4
Kc5 85. Ne4+ Kc4 86. Nf6 Kc5 87. Ng8 Kc4 1/2-1/2

[Event "European Blitz 2021"]
[Site "Katowice POL"]
[Date "2021.12.17"]
[Round "20.29"]
[White "Ustianovich, Nazar"]
[Black "Bauer, Thomas"]
[Result "1-0"]
[WhiteTitle "FM"]
[BlackTitle "CM"]
[WhiteElo "2344"]
[BlackElo "2214"]
[WhiteFideId "14109778"]
[BlackFideId "1639293"]
[EventDate "2021.12.17"]

1. c4 e5 2. Nc3 Nc6 3. g3 Bc5 4. Bg2 a6 5. e3 Ba7 6. Nge2 d6 7. O-O h5 8. h3 h4
9. g4 f5 10. f3 Nf6 11. Nd5 Nxd5 12. cxd5 Ne7 13. Nc3 Bd7 14. Kh1 Ng6 15. d4
exd4 16. exd4 O-O 17. Qd3 Qf6 18. g5 Qxd4 19. Qc2 Rae8 20. Bd2 Nf4 21. Rad1 Nd3
22. Be1 Nxe1 23. Rfxe1 Qf2 24. Qxf2 Bxf2 25. Rf1 Bg3 26. f4 Re3 27. Rd4 Rfe8 28.
Rc4 c5 29. dxc6 bxc6 30. Bxc6 Bxc6+ 31. Rxc6 Re1 32. Rxe1 Rxe1+ 33. Kg2 Bxf4 34.
Rxa6 Re3 35. Nd5 Rg3+ 36. Kf2 Be5 37. g6 Rxg6 38. Ne7+ Kh7 39. Nxg6 Kxg6 40. b4
Kf6 41. b5 Bd4+ 42. Kf3 Ke5 43. b6 1-0

[Event "European Blitz 2021"]
[Site "Katowice POL"]
[Date "2021.12.17"]
[Round "20.30"]
[White "Kozak, Antoni"]
[Black "Szczurek, Krzysztof"]
[Result "1-0"]
[BlackTitle "FM"]
[WhiteElo "2356"]
[BlackElo "2090"]
[WhiteFideId "21832030"]
[BlackFideId "1185489"]
[EventDate "2021.12.17"]

1. d4 Nf6 2. Nf3 g6 3. c4 Bg7 4. Nc3 d6 5. e4 O-O 6. h3 Nbd7 7. g4 c5 8. d5 a6
9. a4 b6 10. Bd3 Ne8 11. Bf4 e5 12. Be3 Ndf6 13. Nd2 Rb8 14. f3 Bd7 15. Qe2 Nc7
16. h4 Qe8 17. h5 b5 18. axb5 axb5 19. h6 Bh8 20. Ra7 b4 21. Nd1 Na8 22. Bg5 Nb6
23. Ne3 Ra8 24. Rxa8 Qxa8 25. O-O Na4 26. Nb3 Qb7 27. Ra1 Ra8 28. Kg2 Nb6 29.
Qd1 Ne8 30. Na5 Qc7 31. Bc2 Bf6 32. Bxf6 Nxf6 33. Nb3 Qb7 34. Nd2 Rxa1 35. Qxa1
Qa8 36. Qxa8+ Nxa8 37. b3 Kf8 38. Kg3 Ng8 39. g5 f6 40. f4 Nc7 41. gxf6 exf4+
42. Kxf4 Nxf6 43. Kg5 Ke7 44. Nf3 Nce8 45. e5 dxe5 46. Nxe5 Nd6 47. Nxg6+ hxg6
48. Kxg6 Nf7 49. h7 Ne8 50. Bf5 Nh8+ 51. Kh6 Nf7+ 52. Kh5 Ng7+ 53. Kg6 Nxf5 54.
Nxf5+ Kf8 55. Nd6 Nh8+ 56. Kf6 Bg4 57. Nb7 Ke8 58. Nxc5 Kf8 59. d6 Ke8 60. Nd3
Bd1 61. Nc5 Bg4 62. Kg7 Nf7 63. d7+ 1-0

[Event "European Blitz 2021"]
[Site "Katowice POL"]
[Date "2021.12.17"]
[Round "20.31"]
[White "Czerw, Dawid"]
[Black "Kulon, Klaudia"]
[Result "1/2-1/2"]
[WhiteTitle "FM"]
[BlackTitle "IM"]
[WhiteElo "2396"]
[BlackElo "2335"]
[WhiteFideId "1145746"]
[BlackFideId "1131044"]
[EventDate "2021.12.17"]

1. d4 Nf6 2. c4 g6 3. Nc3 Bg7 4. g3 O-O 5. Bg2 d6 6. Nf3 Nc6 7. O-O e5 8. dxe5
dxe5 9. Qxd8 Rxd8 10. Bg5 Be6 11. b3 h6 12. Bxf6 Bxf6 13. Rad1 Bg7 14. Nd5 Rac8
15. Nd2 f5 16. e4 Kf7 17. exf5 gxf5 18. Rfe1 Nd4 19. Nf3 Nxf3+ 20. Bxf3 c6 21.
Bh5+ Kf8 22. Nf4 Bf7 23. Ng6+ Ke8 24. Rxd8+ Kxd8 25. h3 Kc7 26. g4 fxg4 27. hxg4
Re8 28. Nh4 Bxh5 29. gxh5 Bf6 30. Nf5 Bg5 31. Kg2 Bf4 32. Kf3 Rg8 33. c5 Rg5 34.
Nxh6 Rxh5 35. Ng4 Rh3+ 36. Ke4 Rh5 37. Rd1 b6 38. b4 bxc5 39. bxc5 Rh4 40. f3
Rh5 41. Rd7+ Kxd7 42. Nf6+ Ke6 43. Nxh5 Bc1 44. Ng7+ Kf6 45. Ne8+ Ke6 46. Nc7+
Kd7 47. Na6 Bb2 48. Nb4 a5 49. Nd3 Ba3 50. Nxe5+ Kc7 51. Nd3 Kd7 52. f4 Ke6 53.
f5+ Kf6 54. Nf4 Bxc5 55. Ne2 Bd6 56. Nd4 c5 57. Nb3 a4 58. Nd2 Be7 59. Nc4 Bf8
60. Ne3 Kg5 61. Nd5 Bg7 62. Nb6 a3 63. Nc4 Bd4 64. Nxa3 Kf6 65. Nc4 Ke7 66. Kd5
Kd7 67. a4 Kc7 68. Ke6 Kc6 69. f6 Bxf6 70. a5 1/2-1/2

[Event "European Blitz 2021"]
[Site "Katowice POL"]
[Date "2021.12.17"]
[Round "20.32"]
[White "Posluszny, Tomasz"]
[Black "Andersen, Mads"]
[Result "0-1"]
[BlackTitle "GM"]
[WhiteElo "2048"]
[BlackElo "2574"]
[WhiteFideId "1187724"]
[BlackFideId "1413864"]
[EventDate "2021.12.17"]

1. d4 d5 2. c4 c6 3. Nc3 Nf6 4. Nf3 e6 5. e3 Nbd7 6. Qc2 Bd6 7. b3 O-O 8. Be2 b6
9. Bb2 Bb7 10. O-O Qe7 11. e4 dxe4 12. Nxe4 Nxe4 13. Qxe4 f5 14. Qc2 c5 15. Rfe1
cxd4 16. Nxd4 Nc5 17. Bf1 Be4 18. Qd2 Rad8 19. f3 e5 20. Nb5 Nxb3 21. axb3 Bc5+
22. Nd4 exd4 23. fxe4 fxe4 24. Kh1 Bb4 25. Qe2 Bxe1 26. Rxe1 d3 27. Qd2 e3 28.
Qc3 d2 29. Rd1 Rxf1+ 30. Rxf1 d1=Q 0-1

[Event "European Blitz 2021"]
[Site "Katowice POL"]
[Date "2021.12.17"]
[Round "20.33"]
[White "Stefansson, Hannes"]
[Black "Karpus, Michal"]
[Result "0-1"]
[WhiteTitle "GM"]
[BlackTitle "FM"]
[WhiteElo "2518"]
[BlackElo "2185"]
[WhiteFideId "2300087"]
[BlackFideId "1174088"]
[EventDate "2021.12.17"]

1. e4 e5 2. Nf3 Nc6 3. Bb5 a6 4. Ba4 Nf6 5. O-O Be7 6. Re1 b5 7. Bb3 d6 8. c3
O-O 9. h3 Na5 10. Bc2 c5 11. d4 Nd7 12. Nbd2 exd4 13. cxd4 Nc6 14. a4 Bb7 15. d5
Nb4 16. Bb1 Bf6 17. Ra3 c4 18. Nf1 Nc5 19. Re2 Nxa4 20. N1h2 c3 21. Rxa4 bxa4
22. bxc3 Bxc3 23. Qxa4 a5 24. Ng4 Ba6 25. Re3 Rc8 26. Qd1 Re8 27. Rxc3 Rxc3 28.
Bb2 Rc4 29. Qd2 f6 30. Qf4 Rf8 31. Qg3 Kh8 32. Nd4 Qc8 33. Kh2 Rc1 34. Bxc1 Qxc1
35. Ne6 Rg8 36. Qxd6 Qxb1 37. Nd8 h5 38. Nxf6 gxf6 39. Qxf6+ Kh7 40. Qf7+ Rg7
41. Qxh5+ Kg8 42. Ne6 Bb5 43. Qh6 Qb2 44. d6 Qe5+ 45. f4 Qb2 46. Nxg7 Qxg7 47.
Qe6+ Qf7 48. Qc8+ Kh7 49. e5 Bd7 50. Qc3 Nc6 51. Qe3 a4 52. g4 Qa2+ 53. Kg1 Qb1+
54. Kh2 Qb2+ 55. Kg1 Qd4 56. Kf2 a3 0-1

[Event "European Blitz 2021"]
[Site "Katowice POL"]
[Date "2021.12.17"]
[Round "20.34"]
[White "Papasimakopoulos, Alexandros"]
[Black "Hasterok, Mateusz"]
[Result "1-0"]
[WhiteTitle "CM"]
[WhiteElo "2259"]
[BlackElo "2132"]
[WhiteFideId "4244125"]
[BlackFideId "21822352"]
[EventDate "2021.12.17"]

1. d4 Nf6 2. c4 e6 3. Nc3 Bb4 4. Qc2 d5 5. cxd5 exd5 6. Bg5 c5 7. dxc5 h6 8. Bh4
g5 9. Bg3 Ne4 10. e3 Bf5 11. Bd3 Qa5 12. Ne2 Nxc3 13. Bxf5 Ne4+ 14. Kf1 Nxg3+
15. hxg3 Qxc5 16. Qd3 Qc4 17. Rd1 Nc6 18. a3 Qxd3 19. Rxd3 Ne7 20. axb4 Nxf5 21.
Rxd5 Ne7 22. Rd1 Nc6 23. b5 Ne5 24. Nc3 Rc8 25. f4 Ng4 26. Ke2 O-O 27. Kf3 f5
28. e4 Nf6 29. exf5 g4+ 30. Kf2 h5 31. Rhe1 Rc4 32. Re7 Rb4 33. Rd2 Rb3 34. Rxb7
Re8 35. Rxa7 Rc8 36. Kg1 Re8 37. Ra6 Ne4 38. Re2 1-0

[Event "European Blitz 2021"]
[Site "Katowice POL"]
[Date "2021.12.17"]
[Round "20.35"]
[White "Gdanski, Jacek"]
[Black "Stanisz, Patryk"]
[Result "1-0"]
[WhiteTitle "GM"]
[BlackTitle "CM"]
[WhiteElo "2499"]
[BlackElo "2158"]
[WhiteFideId "1100106"]
[BlackFideId "1123106"]
[EventDate "2021.12.17"]

1. e4 c5 2. Nc3 Nc6 3. Nf3 Nf6 4. Bb5 Nd4 5. e5 Nxb5 6. Nxb5 Nd5 7. Ng5 e6 8.
Ne4 Be7 9. Nbd6+ Kf8 10. c4 Nb4 11. Qh5 Nd3+ 12. Kf1 Bxd6 13. exd6 f5 14. Ng5 g6
15. Qe2 Nxc1 16. Qe5 Qxg5 17. Qxh8+ Kf7 18. Qxh7+ Kf8 19. Rxc1 Qxd2 20. Re1 Qxd6
21. h4 b5 22. Qh6+ Kf7 23. Qh7+ Kf8 24. h5 Bb7 25. hxg6 Qd3+ 26. Kg1 Ke8 27. g7
Kd8 28. g8=Q+ Kc7 29. Qg3+ Kb6 30. Qxd3 1-0

[Event "European Blitz 2021"]
[Site "Katowice POL"]
[Date "2021.12.17"]
[Round "20.36"]
[White "Piesik, Piotr"]
[Black "Grzesik, Gracjan"]
[Result "1-0"]
[WhiteTitle "IM"]
[WhiteElo "2407"]
[BlackElo "2208"]
[WhiteFideId "1136194"]
[BlackFideId "1194593"]
[EventDate "2021.12.17"]

1. Nf3 Nf6 2. g3 e6 3. Bg2 d5 4. O-O b5 5. d3 Bb7 6. Nbd2 c5 7. e4 Nc6 8. c3 Be7
9. Re1 O-O 10. e5 Nd7 11. Nf1 c4 12. d4 b4 13. h4 bxc3 14. bxc3 Qa5 15. Bd2 Rab8
16. Qc2 h6 17. g4 Ba6 18. g5 hxg5 19. Nxg5 Bxg5 20. Bxg5 Qa3 21. Rab1 Rxb1 22.
Rxb1 Rb8 23. Rxb8+ Ncxb8 24. h5 Bb5 25. Bc1 Qa4 26. Qb2 Nb6 27. Ne3 Be8 28. Qd2
N8d7 29. h6 g6 30. Ng4 Kh7 31. Bf3 Nc8 32. Bd1 Qa5 33. Kg2 Ne7 34. Qg5 Nf5 35.
Nf6+ Nxf6 36. Qxf6 Qxc3 37. Bg4 Qxc1 38. Bxf5 Qxh6 39. Bxe6 fxe6 40. Qe7+ Qg7
41. Qxe8 Qc7 42. Qxe6 c3 43. Qd6 Qxd6 1-0

[Event "European Blitz 2021"]
[Site "Katowice POL"]
[Date "2021.12.17"]
[Round "20.38"]
[White "Froewis, Annika"]
[Black "Kastelik, Adrian"]
[Result "0-1"]
[WhiteTitle "WFM"]
[WhiteElo "2079"]
[BlackElo "2102"]
[WhiteFideId "1621432"]
[BlackFideId "1134701"]
[EventDate "2021.12.17"]

1. e4 e5 2. Nf3 Nc6 3. Bc4 Nf6 4. d3 Be7 5. c3 O-O 6. Bb3 d5 7. Qe2 dxe4 8. dxe4
a5 9. a4 Qd6 10. Nbd2 Be6 11. Bxe6 Qxe6 12. Nc4 Nd7 13. O-O Nc5 14. Qc2 Qxc4 0-1

[Event "European Blitz 2021"]
[Site "Katowice POL"]
[Date "2021.12.17"]
[Round "20.39"]
[White "Masternak, Grzegorz"]
[Black "Gradalski, Olaf"]
[Result "1-0"]
[WhiteTitle "IM"]
[WhiteElo "2330"]
[BlackElo "2086"]
[WhiteFideId "1100505"]
[BlackFideId "21840580"]
[EventDate "2021.12.17"]

1. e4 c6 2. g3 d5 3. e5 Bf5 4. Bg2 e6 5. h3 h6 6. d3 Nd7 7. f4 c5 8. Nf3 Ne7 9.
g4 Bh7 10. Nc3 Nc6 11. O-O Be7 12. Ne2 b5 13. Ng3 Bh4 14. Nxh4 Qxh4 15. Kh2 c4
16. Be3 O-O 17. d4 Nb4 18. Rf2 c3 19. bxc3 Nc6 20. f5 Rae8 21. Qd2 f6 22. fxe6
Nb6 23. exf6 Rxf6 24. Rxf6 Qxf6 25. Rf1 Qxe6 26. Bf4 Nc4 27. Qc1 b4 28. cxb4
Nxb4 29. Rf2 Nxa2 30. Qa1 Nb4 31. Qxa7 Nxc2 32. Nh5 Re7 33. Qa8+ Re8 34. Qxd5
N4e3 35. Bxe3 Nxe3 36. Qxe6+ Rxe6 37. Re2 Bd3 38. Re1 Re7 39. Nf4 Bc4 40. d5
Nxg2 41. Rxe7 Nxf4 42. d6 Bb5 43. d7 Bxd7 44. Rxd7 Kh7 45. Kg3 Ne6 46. Re7 Nd4
47. Kf4 Kg6 48. Rd7 Ne6+ 49. Ke5 Ng5 50. Rd3 Nf7+ 51. Kf4 Kf6 52. h4 g5+ 53.
hxg5+ hxg5+ 54. Ke4 Ke6 55. Ra3 Nd6+ 56. Kd4 Ne8 57. Ra6+ Kf7 58. Ke5 Ng7 59.
Ra7+ Kg6 60. Rb7 Ne8 61. Rb6+ Kf7 62. Kf5 Ng7+ 63. Kxg5 Ne6+ 64. Kh6 Nf8 65. g5
Kg8 66. Rb8 Kf7 67. Rxf8+ 1-0

[Event "European Blitz 2021"]
[Site "Katowice POL"]
[Date "2021.12.17"]
[Round "20.40"]
[White "Praczukowski, Stanislaw"]
[Black "Skawinski, Arkadiusz"]
[Result "0-1"]
[BlackTitle "FM"]
[WhiteElo "2068"]
[BlackElo "2366"]
[WhiteFideId "1182730"]
[BlackFideId "1126415"]
[EventDate "2021.12.17"]

1. e4 e6 2. d4 d5 3. Nc3 Bb4 4. e5 c5 5. a3 Bxc3+ 6. bxc3 Qa5 7. Bd2 Qa4 8. h4
Nc6 9. h5 h6 10. Nf3 Nge7 11. dxc5 Qe4+ 12. Be3 Nxe5 13. Nxe5 Qxe5 14. Bd3 O-O
15. Kf1 Qf6 16. Rh3 e5 17. Rf3 Qh4 18. Rg3 Kh8 19. Kg1 f5 20. Rh3 Qa4 21. f4 Nc6
22. Rg3 exf4 23. Rg6 fxe3 24. Qf3 Ne5 0-1

[Event "European Blitz 2021"]
[Site "Katowice POL"]
[Date "2021.12.17"]
[Round "20.41"]
[White "Woloch, Oskar"]
[Black "Tymrakiewicz, Rafal"]
[Result "0-1"]
[BlackTitle "FM"]
[WhiteElo "2117"]
[BlackElo "2205"]
[WhiteFideId "1192116"]
[BlackFideId "1108832"]
[EventDate "2021.12.17"]

1. d4 Nf6 2. g3 g6 3. Bg2 Bg7 4. e4 d6 5. Nc3 O-O 6. Nge2 c5 7. h3 e5 8. dxe5
dxe5 9. Bg5 Be6 10. O-O Nc6 11. Nd5 Bxd5 12. exd5 Nd4 13. c3 Nxe2+ 14. Qxe2 h6
15. Be3 Qd6 16. a4 Nd7 17. f4 Rae8 18. f5 g5 19. h4 f6 20. b4 b6 21. a5 e4 22.
axb6 axb6 23. Bf2 Qxd5 24. Ra7 Rf7 25. Rd1 Qxf5 26. Kh2 Ne5 27. Rxf7 Nxf7 28.
bxc5 bxc5 29. Bh3 Qe5 30. hxg5 Nxg5 31. Bg4 Rf8 32. Qc4+ Kh7 33. Bxc5 Re8 34.
Rd5 Qc7 35. Bf5+ Kh8 36. Rd7 Qe5 37. Rd5 Nf3+ 38. Kg2 Qb8 39. Bxe4 Qb2+ 40. Bf2
Ne5 41. Qd4 Ng4 42. Rf5 Ne5 43. Rf4 Rc8 44. Qd5 Qxc3 45. Qe6 Qc4 46. Qf5 Kg8 47.
Qh7+ Kf8 48. Bb7 Qc7 49. Bxc8 Qxc8 50. Qe4 Qe6 51. Bc5+ Kg8 52. Bd4 Qa2+ 53. Rf2
Qc4 54. Rc2 Qe6 55. Re2 f5 56. Qe3 Qd5+ 57. Kf1 Qh1+ 58. Kf2 Ng4# 0-1

[Event "European Blitz 2021"]
[Site "Katowice POL"]
[Date "2021.12.17"]
[Round "20.42"]
[White "Povilaitis, Tomas"]
[Black "Starek, Stanislav"]
[Result "0-1"]
[WhiteElo "2101"]
[BlackElo "2198"]
[WhiteFideId "12811700"]
[BlackFideId "349844"]
[EventDate "2021.12.17"]

1. e4 d5 2. exd5 Qxd5 3. Nc3 Qd6 4. d4 c6 5. Nf3 Nf6 6. Bc4 Bg4 7. Be3 Nbd7 8.
h3 Bh5 9. g4 Bg6 10. Qd2 e6 11. Bf4 Qb4 12. Bb3 Ne4 13. Nxe4 Bxe4 14. c3 Qb5 15.
Qe3 Qd3 16. Qxd3 Bxd3 17. Nd2 Nf6 18. O-O-O O-O-O 19. f3 Nd5 20. Bg3 Nb6 21. Bc2
Bxc2 22. Kxc2 Bd6 23. Bxd6 Rxd6 24. Ne4 Rd7 25. Nc5 Rd5 26. f4 Rhd8 27. Rde1 Nd7
28. Nd3 c5 29. dxc5 Nxc5 30. Nxc5 Rxc5 31. Rd1 Rc4 32. Rxd8+ Kxd8 33. Rf1 f5 34.
b3 Re4 35. Kd3 Ke7 36. c4 g6 37. a3 Kd6 38. b4 e5 39. gxf5 gxf5 40. fxe5+ Kxe5
41. c5 Rh4 42. Rf3 a5 43. bxa5 Ra4 44. Re3+ Kd5 45. Re7 Rxa5 46. Rxh7 Rxa3+ 47.
Ke2 Rb3 48. Rh5 Ke4 49. h4 Rb2+ 50. Ke1 f4 51. Kf1 Kf3 52. Ke1 0-1

[Event "European Blitz 2021"]
[Site "Katowice POL"]
[Date "2021.12.17"]
[Round "20.43"]
[White "Janeczko, Jakub"]
[Black "Baum, Jonasz"]
[Result "1-0"]
[BlackTitle "IM"]
[WhiteElo "2091"]
[BlackElo "2287"]
[WhiteFideId "21871655"]
[BlackFideId "1195360"]
[EventDate "2021.12.17"]

1. e4 c5 2. d3 Nc6 3. g3 h5 4. f4 d5 5. Nd2 h4 6. Bg2 Nf6 7. e5 Ng4 8. Ndf3 hxg3
9. hxg3 Rxh1 10. Bxh1 Qb6 11. e6 fxe6 12. Ng5 Nf6 13. N1f3 Bd7 14. Ne5 c4 15.
Kf1 O-O-O 16. Nxd7 Rxd7 17. Nxe6 Nb4 18. Nxf8 Rd8 19. Ng6 cxd3 20. cxd3 Kb8 21.
Ne5 Rc8 22. Bd2 Nc6 23. Rc1 Rh8 24. Nxc6+ bxc6 25. Kg2 d4 26. Qb3 Qxb3 27. axb3
Ng4 28. Kg1 c5 29. Bf3 Nf6 30. Rxc5 Rd8 31. Ba5 Rd7 32. g4 e6 33. g5 Ng8 34. Bg4
Re7 35. Re5 Rb7 36. b4 Ne7 37. Rxe6 a6 38. Bf3 Rd7 39. Bc6 Ra7 40. Bb6 Nxc6 41.
Bxa7+ Nxa7 42. Re8+ Kb7 43. Re7+ Kb6 44. Rxa7 1-0

[Event "European Blitz 2021"]
[Site "Katowice POL"]
[Date "2021.12.17"]
[Round "20.44"]
[White "Kacprzak, Karol"]
[Black "Malik, Maciej"]
[Result "1-0"]
[WhiteElo "2226"]
[BlackElo "1948"]
[WhiteFideId "21819327"]
[BlackFideId "21007071"]
[EventDate "2021.12.17"]

1. e4 g6 2. d4 d6 3. Nf3 Nf6 4. Nc3 Bg7 5. h3 c6 6. a4 Nbd7 7. Be3 e5 8. dxe5
dxe5 9. Be2 O-O 10. O-O Qc7 11. Nd2 a6 12. Nc4 b5 13. axb5 cxb5 14. Qd6 Ne8 15.
Qxc7 Nxc7 16. Nd6 f5 17. f3 Rd8 18. Rfd1 Bf8 19. exf5 Bxd6 20. Rxd6 gxf5 21.
Rad1 Ne8 22. R6d2 Kf7 23. Bg5 Nef6 24. Bxf6 Kxf6 25. Nd5+ Kg7 26. Nb6 Nxb6 27.
Rxd8 e4 28. fxe4 fxe4 29. R1d6 Rb8 30. Bg4 a5 31. Bxc8 Rxc8 32. Rxc8 Nxc8 33.
Rd5 Kf6 34. Rxb5 Ne7 35. Rxa5 Nf5 36. Kf2 Nd4 37. Ke3 Nxc2+ 38. Kxe4 h5 39. Rxh5 1-0

[Event "European Blitz 2021"]
[Site "Katowice POL"]
[Date "2021.12.17"]
[Round "20.45"]
[White "Warchol, Kamil"]
[Black "Gretarsson, Helgi Ass"]
[Result "1/2-1/2"]
[WhiteTitle "CM"]
[BlackTitle "GM"]
[WhiteElo "1956"]
[BlackElo "2469"]
[WhiteFideId "21858241"]
[BlackFideId "2300699"]
[EventDate "2021.12.17"]

1. e4 g6 2. d4 Bg7 3. Nc3 d6 4. Be3 a6 5. f3 b5 6. Qd2 Nd7 7. g4 h5 8. gxh5 Rxh5
9. Nge2 Ngf6 10. Ng3 Rh8 11. h4 Nb6 12. h5 Nxh5 13. Nxh5 gxh5 14. Qg2 Bf6 15.
O-O-O e5 16. dxe5 Bxe5 17. Bxb6 cxb6 18. Nd5 Bb7 19. f4 Bf6 20. e5 Be7 21. Nf6+
Bxf6 22. Qxb7 Be7 23. exd6 Bf6 24. Bg2 Rb8 25. Rhe1+ Kf8 26. Qxa6 Qd7 27. Qa3
Qg4 28. d7+ Kg7 29. Rg1 Qxf4+ 30. Kb1 Qe5 31. Bd5+ Kh6 32. Bxf7 Rhf8 33. Bd5
Rbd8 34. Bf3 Bg5 35. Rde1 Qf4 36. Re6+ Rf6 37. Rxf6+ Qxf6 38. Qd3 Qe6 39. Rd1
Bf6 40. a3 Qe5 41. c3 h4 42. Rh1 Bg5 43. Be4 Qe6 44. Bf5 Qe5 1/2-1/2